Statistics for London Trivia

Click here to take the quiz!

General Stats

  • This quiz has been taken 295 times
  • The average score is 18 of 30

Answer Stats

Question Answer % Correct
What is the tallest building in London?The Shard
93%
The name of London's Subway systemUnderground
93%
Biggest airportHeathrow
87%
Where is the Queen's official residence in the city?Buckingham Palace
86%
Name of the Ferris WheelLondon Eye
84%
Where did Kate and William get married?Westminster Abbey
84%
Someone from Londond is called a....Londoner
79%
What was the name of Shakespeare's theatre?The Globe
78%
Use of rhyming slangCockney Accent
77%
What is the name of London's largest stadium?Wembley Stadium
75%
On which street would you find Selfridges?Oxford Street
73%
Who is the current mayor of LondonBoris Johnson
71%
From which country is the largest immigrant group from?India
67%
The name of the WW2 BombingThe Blitz
64%
Which city overtook London to be the largest in the world?New York City
63%
Most visited MuseumBritish Museum
61%
The year of the Great Fire of London1666
58%
London's busiest railway stationWaterloo
56%
Roman name for LondonLondinium
52%
What glass building was built for the Great Exhibition in 1851?Crystal Palace
52%
What protects London from storm surges?Thames Barrier
47%
How many boroughs make up Greater London?32
44%
The name of the warship permanantely moored on the ThamesHMS Belfast
42%
Which Celtic queen burnt London to the ground?Boudica
41%
Address of Sherlock Holmes221B Baker Street
37%
Which tower is Big Ben in?Elizabeth Tower
36%
East London road famed for curry housesBrick Lane
36%
Music from East London merged from Hip Hop and GarageGrime
16%
Smallest international airportSouthend
15%
London's Tech HubOld Street
8%

Score Distribution

Percentile by Number Answered

Percent of People with Each Score

Your Score History

You have not taken this quiz